Statistics for Countries Bordering South Africa

Click here to take the quiz!

General Stats

  • This quiz has been taken 27,846 times
    (27,845 since last reset)
  • The average score is 6 of 6

Answer Stats

Length Country % Correct
909 kmLesotho
96%
225 kmZimbabwe
93%
967 kmNamibia
92%
430 kmEswatini
92%
1,840 kmBotswana
90%
491 kmMozambique
89%

Score Distribution

Percentile by Number Answered

Percent of People with Each Score

Your Score History

You have not taken this quiz since the last reset